| 000 | 00351 a2200109 4500 | ||
|---|---|---|---|
| 020 | _a9788120335875 | ||
| 082 | _a333.91 | ||
| 100 | _aDas, Madan Mohan | ||
| 245 |
_aIrrigation and Water Power Engineering _cMadan Mohan Das |
||
| 260 |
_aNew Delhi : _bPHL Learning Private Limited _c2009 |
||
| 300 |
_axviii, 425p. : _bill ., graphs, pics., ; _c24 cm |
||
| 650 | _aIrrigation Engineering | ||
| 999 |
_c291 _d291 |
||